000 00792nam a22001817a 4500
005 20251108164224.0
008 250721s9999 xx 000 0 ara d
082 1 4 _a305,509565/حلق
111 2 _aحلقة نقاش حول أوضاع الطبقة الوسطى و التحولات التي طرأت عليها و سبل اعادة بنائها في المجتمع الأردني ( 1997 : عمان )
245 1 0 _aأوراق عمل حلقة نقاش حول أوضاع الطبقة الوسطى و التحولات ... /
264 1 _aعمان :
_bالمركز الأردني للدراسات والمعلومات،
_c[19-].
300 _a30ص.
650 1 7 _aالطبقات الإجتماعية
650 1 7 _aالأردن
650 1 7 _aالمجتمع
942 _2ddc
_cBK
999 _c6742
_d6742